000 00287nam a22001217a 4500
008 180130b xxu||||| |||| 00| 0 eng d
041 _aeng
080 _a61
100 _a6
101 _aANE
245 _aThe anesthesia machine: Essentials for understanding
_cBowie,E
942 _2udc
_cBK
999 _c41237
_d41237